| 000 | 00665nam a22002177a 4500 | ||
|---|---|---|---|
| 999 |
_c19097 _d19097 |
||
| 003 | AR-CdUCM | ||
| 008 | 190516b ||||| |||| 00| 0 spa d | ||
| 020 | _a84-7561-786-7 | ||
| 040 |
_aMUNICIPALIDAD PROVINCIAL DEL CUSCO _cBIBLIOTECA MUNICIPAL DEL CUSCO |
||
| 082 |
_a191.8 / _bP54 |
||
| 100 |
_aPietrangeli,G. C. _940221 |
||
| 245 | _aAprender a Hipnotizar / | ||
| 260 |
_aLima : _bEdiciones Dalmau, _bCorporación grafica Navarrete, |
||
| 300 |
_a154 paginas ; _c21 cm. |
||
| 500 | _aInstrucciones de hipnotismo | ||
| 650 |
_aHipnotizar _940222 |
||
| 650 |
_aHistoria _9136 |
||
| 650 |
_aLiteratura _983 |
||
| 942 |
_2ddc _cLIBROS |
||
| 945 |
_apjha _d2019-05-16 |
||